Environmental politics : domestic and global dimensions /

Bibliographic Details
Main Author: Vaughn, Jacqueline
Format: Book
Published: New York: St. Martin's Press, 1994.
Edition:Sixth Edition.
Subjects:
LEADER 00707cam a2200217 7i4500
001 0000014888
005 20151104090000.0
005 ##20151104115000.0
003 ##MY-KlINT
020 # # |a 9780495898979  
039 # 9 |y 201511041150  |z VLOAD 
090 0 0 |a 363.7   |b VAU 
100 1 # |a Vaughn, Jacqueline 
245 1 0 |a Environmental politics :   |b domestic and global dimensions /   |c Jacqueline Vaughn. 
250 # # |a Sixth Edition. 
260 # # |a New York:   |b St. Martin's Press,   |c 1994. 
300 # # |a xix, 380p:   |b ill;   |c 24cm. 
500 # # |a Includes bibliographical references and index. 
650 # 0 |a Environmental policy  
650 # 0 |a Environmental policy --   |z United States  
999 |a 1209068810  |b BOOK  |c Main Non-Fiction  |e INTAN BK